Statistieken voor Overijssel Trivia Quiz

Klik hier om de quiz te nemen!

Algemene statistieken

  • Deze quiz is 889 keer genomen
    (369 sinds de laatste reset)
  • De gemiddelde score is 14 van 23

Antwoordstatistieken

HintAntwoord% Correct
Aangrenzende provinciesDrenthe
98%
Aangrenzende provinciesGelderland
98%
HoofdstadZwolle
97%
Aangrenzende provinciesFlevoland
95%
Aangrenzende provinciesFriesland
95%
Grootste stadEnschede
93%
Rivier die het grootste deel van de grens met bovenstaande provincie vormtIJssel
89%
Stad waar voetbalclub Heracles vandaan komtAlmelo
87%
Dorp met een ponyparkSlagharen
86%
Ramp die op 13 mei 2000 een wijk in bovenstaande stad verwoestte{Vuurwerk}ramp
85%
Hanzesteden in het huidige Overijssel naast de hoofdstadDeventer
74%
Landstreken van OverijsselTwente
68%
Hanzesteden in het huidige Overijssel naast de hoofdstadKampen
63%
Zeer toeristisch dorp naast bovenstaand nationaal park dat beroemd was onder schildersGiethoorn
58%
Landstreken van OverijsselSalland
51%
Nationaal park in de Kop van OverijsselNationaal Park {Weerribben-Wieden}
41%
Meer ten noordwesten van Overijssel, verbonden aan het IJsselmeerKetelmeer
30%
Hanzesteden in het huidige Overijssel naast de hoofdstadHasselt
25%
Wijk die bij bovenstaande ramp verwoest werdRoombeek
25%
Hanzesteden in het huidige Overijssel naast de hoofdstadOmmen
24%
Hanzesteden in het huidige Overijssel naast de hoofdstadOldenzaal
22%
Hanzesteden in het huidige Overijssel naast de hoofdstadRijssen
19%
Landstreken van OverijsselLand van Vollenhove
15%

Scoreverdeling

Percentiel versus Aantal Correcte Antwoorden

Procent van Mensen met Elke Score

Uw Scoregeschiedenis

U heeft deze quiz nog niet genomen sinds de laatste reset